1970s Celebrity Field Guide Quiz Stats

 Plays Quiz Updated Feb 23, 2017

Support Sporcle.
Go Orange.
Score 0/24 Timer 05:00
0 Plays Today
% Correct
David Bowie
96.8%
Burt Reynolds
96.1%
Robert Redford
95.1%
Olivia Newton-John
94.4%
Donna Summer
92.5%
Barry Gibb
92.2%
Richard Dreyfuss
91.9%
Farrah Fawcett
91.5%
Johnny Rotten
90.6%
Donald Sutherland
90%
Agnetha Fältskog
87.7%
Carly Simon
86.6%
% Correct
Mary Tyler Moore
85.6%
Jim Croce
85.5%
Robert Plant
84.7%
Talia Shire
84.3%
Valerie Harper
82%
Faye Dunaway
81.2%
David Gilmour
78.3%
Richard Roundtree
78.3%
Marvin Gaye
78.2%
Jacqueline Bisset
77.8%
Al Green
73.4%
George Clinton
69.1%

You're not logged in!

Compare scores with friends on all Sporcle quizzes.
OR
Log In
Forgot?

From the Vault

Birds

by Hejman

When birds burp, does it smell like worms?
Remove Ads.
Support Sporcle.
Get the best of Sporcle when you Go Orange. This ad-free experience offers more features, more stats, and more fun while also helping to support Sporcle. Thank you for becoming a member.

Show Comments

Extras

Top Quizzes Today


Score Distribution

Your Account Isn't Verified!

In order to create a playlist on Sporcle, you need to verify the email address you used during registration. Go to your Sporcle Settings to finish the process.

Report this User

Report this user for behavior that violates our Community Guidelines.

Details: